| 000 | 01075nam a22002777a 4500 | ||
|---|---|---|---|
| 005 | 20201128021230.0 | ||
| 008 | 150408t2012 ne a frb f001 0 eng d | ||
| 020 | _a9789089643605 (pbk.) | ||
| 020 | _a9089643605 (pbk.) | ||
| 040 | _aEG-ScBUE | ||
| 082 | 0 | 0 |
_222 _a382 _bGLO |
| 245 | 0 | 0 |
_aGlobal value chains : _blinking local producers from developing countries to international markets / _cedited by Meine Pieter van Dijk and Jacques Trienekens. |
| 260 |
_aAmsterdam : _bAmsterdam University Press, _cc.2012. |
||
| 300 |
_a279 p. : _bill. ; _c24 cm. |
||
| 500 | _aIndex : p. 277-279. | ||
| 504 | _aIncludes bibliographical references. | ||
| 650 | 0 |
_94508 _aInternational trade. |
|
| 650 | 0 |
_93036 _aInternational economic relations. |
|
| 650 | 0 |
_910495 _aEconomic development. |
|
| 653 |
_bBUSADM _cApril2015 |
||
| 655 |
_vreading book _934232 |
||
| 700 | 1 |
_937611 _aDijk, Pieter Meine van, _eeditor. |
|
| 700 | 1 |
_937612 _aTrienekens, Jacques, _eeditor. |
|
| 710 | 2 |
_aEuropean Association of Development Research and Training Institutes _937613 |
|
| 942 |
_2ddc _k382 GLO |
||
| 999 |
_c19179 _d19151 |
||